Twice - Quiz Ultime - Statistiques

Statistiques générales
  • Ce quiz a été pris 117 fois
    13 depuis la dernière actualisation
  • Le résultat moyen est 40 sur 109
Statistiques - réponses
Hint Réponse % Correct
Survival Show Nombre de participantes 16
100%
Informations générales Année de début | Année de formation 2015
100%
Informations générales Nombre de membres 9
100%
Informations générales Nom de leur agence JYP Entertainment
100%
Informations générales Nom des fans Once
89%
Survival Show Survival Show où le groupe s'est formé SIXTEEN
78%
Survival Show Membre choisit par le public Tzuyu
78%
Chaeyoung | Dahyun | Jeongyeon | +2 others Nationalité Corée du Sud
67%
Autres Membre a été formé le plus longtemps Jihyo
67%
Survival Show Membre repêchée par le jury Momo
67%
Autres Membre a été la première à sortir un single solo officiel Nayeon
67%
Autres Membre est connu pour son "Shy, shy, shy" Sana
67%
Autres Nombre de membres japonaises 3
56%
Autres Nombre de membres coréennes 5
56%
Mina | Momo | Sana Nationalité Japon
56%
Jeongyeon Couleur Jaune / Vert
56%
Début 1er single réalisé Like OOH-AHH
56%
Albums 2017 Signal
56%
Albums 2024 Strategy
56%
Albums 2025 This Is For
56%
Albums 2019 &Twice
56%
Albums 2017 Twicetagram
56%
Albums 2018 What Is Love ?
56%
Mina Signe astrologique Bélier
44%
Autres Chanson du groupe leur offrant leur 1ère victoire dans un music show Cheer Up
44%
Momo Position Danseuse / Chanteuse / Rappeuse
44%
Autres Film animé ont-elles interprété la chanson "TAKEDOWN" K-POP Demon Hunter
44%
Jihyo Position Leader / Chanteuse
44%
Jihyo Nom complet Park Ji-soo / Park Ji-hyo
44%
Momo Couleur Rose
44%
Albums 2015 The Story Begins
44%
Jihyo Signe astrologique Verseau
44%
Sana Couleur Violet
44%
Dahyun Couleur Blanc
33%
Sana Signe astrologique Capricorne
33%
Nayeon Position Chanteuse / Danseuse / Center / FOTG
33%
Mina Position Danseuse / Chanteuse
33%
Tzuyu Position Danseuse / Chanteuse / Visuel / Maknae
33%
Dahyun | Tzuyu Signe astrologique Gémeaux
33%
Momo Nom complet Hirai Momo
33%
Nayeon Nom complet Im Na-yeon
33%
Dahyun Nom complet Kim Da-hyun
33%
Mina Couleur Menthe
33%
Jihyo Couleur Orange
33%
Chaeyoung | Dahyun Position Rappeuse / Chanteuse
33%
Chaeyoung Couleur Rouge
33%
Jeongyeon | Momo Signe astrologique Scorpion
33%
Chaeyoung Nom complet Son Chae-young
33%
Tzuyu Nationalité Taiwan
33%
Chaeyoung Signe astrologique Taureau
33%
Albums 2025 Ten: The Story Goes On
33%
Albums 2018 Yes or Yes
33%
Nayeon Classement du survival show 1ère
22%
Jeongyeon Anniversaire 1 novembre 1996
22%
Nayeon Anniversaire 22 Septembre 1995
22%
Chaeyoung Anniversaire 23 avril 1999
22%
Jeongyeon Classement du survival show 2ème
22%
Mina Classement du survival show 3ème
22%
Dahyun Classement du survival show 4ème
22%
Sana Classement du survival show 5ème
22%
Chaeyoung Classement du survival show 6ème
22%
Jihyo Classement du survival show 7ème
22%
Tzuyu Classement du survival show 8ème
22%
Momo Classement du survival show 9ème
22%
Nayeon | Tzuyu Couleur Bleu
22%
Jeongyeon | Sana Position Chanteuse
22%
Albums 2016 Twicecoaster : Lane 1
22%
Albums 2020 Eyes Wide Open
22%
Albums 2019 Fancy You
22%
Albums 2019 Feel Special
22%
Albums 2021 Formula of Love: O+T=<3
22%
Sana Nom complet Minatozaki Sana
22%
Albums 2020 More & More
22%
Début 1er single japonais One More Time
22%
Albums 2016 Page Two
22%
Albums 2023 Ready To Be
22%
Autres Chanson du groupe a dépassé 600 millions de vues sur YouTube (le premier à le faire) TT
22%
Nayeon Signe astrologique Vierge
22%
Tzuyu Anniversaire 14 juin 1999
11%
Jihyo Anniversaire 1 février 1997
11%
Mina Anniversaire 24 mars 1997
11%
Dahyun Anniversaire 28 mai 1998
11%
Sana Anniversaire 29 décembre 1996
11%
Autres Groupe dans lequel la plupart des membres devaient faire partie avant la formation de Twice 6MIX
11%
Momo Anniversaire 9 novembre 1996
11%
Albums 2018 BDZ
11%
Albums 2022 Between 1&2
11%
Tzuyu Nom complet Chou Tzuyu
11%
Autres Chanson du groupe a été utilisée comme thème officiel pour les Jeux Olympiques d’hiver de Pyeongchang 2018 Likey
11%
Mina Nom complet Myoui Mina
11%
Albums 2021 Taste of Love
11%
Albums 2024 With You-th
11%
Jeongyeon Nom complet Yoo Kyung-wan / Yoo Jeong-yeon
11%
Albums 2022 Celebrate
0%
Albums 2024 Dive
0%
Albums 2021 Perfect World
0%
Albums 2025 Enemy
0%
Aucun quiz correspondant
Distribution des résultats
% des personnes avec chaque résultat
Percentile par nombre de réponses
Votre historique - résultats
Vous n’avez pas pris ce quiz depuis la dernière actualisation